| 000 | 01039nam a2200289Ia 4500 | ||
|---|---|---|---|
| 003 | OSt | ||
| 005 | 20220928131442.0 | ||
| 006 | a|||||r|||| 00| 0 | ||
| 007 | ta | ||
| 008 | 220927b |||||||| |||| 00| 0 eng d | ||
| 020 |
_a9789813293991 _cEURO 59.99 |
||
| 024 | _a146426 | ||
| 037 |
_b44, 14/12/2021, Classic Book Service _cTextual |
||
| 040 |
_aSDCL _cSDCL _beng |
||
| 041 |
_2eng _aeng |
||
| 082 | _aX.2'P, R0 | ||
| 100 |
_aAggarwal Suresh Chand Ed. _9478213 |
||
| 245 | 0 |
_aAccelerators of India's growth-industry, trade, and employment _b festschrift in honor of Bishwanath Goldar |
|
| 260 |
_aSingapore _bSpringer _c2020 |
||
| 300 |
_axxix,342p. _ccm. |
||
| 490 | _aIndia studies in business and economics | ||
| 650 | _aBusiness Economics and Finance | ||
| 700 |
_a Banga Rashmi Ed. _9478214 |
||
| 700 |
_a Das Deb Kusum Ed. _9478215 |
||
| 942 |
_hX.2'P, R0 _cTEXL _2CC |
||
| 999 |
_c790708 _d790708 |
||